00000000nas 2200000zi 4500
0019.506963
003CaOODSP
00520251121160153
006m     o  d f      
007cr |||||||||||
008150406c19989999oncar p o    f0   a0eng|d
022 |a1700-6120
040 |aCaOODSP|beng|erda|cCaOODSP
043 |an-cn---
0861 |aJL1-1E-PDF
1102 |aLaw Commission of Canada.|eauthor, |eissuing body.
24510|aAnnual report / |cLaw Commission of Canada.
264 1|aOttawa : |bLaw Commission of Canada =Commission du droit du Canada, |c1998-
310 |aAnnual
336 |atext|btxt|2rdacontent
337 |acomputer|bc|2rdamedia
338 |aonline resource|bcr|2rdacarrier
3621 |aBegan with 1997/1998; ceased with 2005/2006 ; reactivated 2023/2024.
500 |aSome issues have distinctive title.
500 |aTitle from cover.
500 |aIssued also in French under title: Rapport annuel ...
500 |a"In late 2021, Parliament heeded calls from many sources to renew financial support that had been suspended in 2006, and to rebuild the agency" -- issue 2023/2024.
515 |aReport year ends March 31.
61020|aLaw Commission of Canada|vPeriodicals.
650 0|aLaw reform|zCanada|vPeriodicals.
650 0|aCriminal justice, Administration of|zCanada|vPeriodicals.
655 7|aPeriodicals|2lcgft
77508|tRapport annuel / |w(CaOODSP)9.503358